Normal view
MARC view
Entry Personal Name
001 - CONTROL NUMBER
- control field: 34685
003 - CONTROL NUMBER IDENTIFIER
- control field: dpl
005 - DATE AND TIME OF LATEST TRANSACTION
- control field: 20110912103724.0
008 - FIXED-LENGTH DATA ELEMENTS
- fixed length control field: 110912|||a|||||| | ||| d
040 ## - CATALOGING SOURCE
- Original cataloging agency: dpl
- Transcribing agency: dpl
100 ## - HEADING--PERSONAL NAME
- Personal name: फॉकनर, विलियम
670 ## - SOURCE DATA FOUND
- Source citation: Work cat.: (dpl): फॉकनर, विलियम, हितोपदेश की रोचक कहानियाँ /, 2004
670 ## - SOURCE DATA FOUND
- Source citation: Work cat.: (dpl): फॉकनर, विलियम, हितोपदेश की रोचक कहानियाँ /, 2004
